000 00694nam a22002417a 4500
003 DO-SdBNP
005 20240301124012.0
007 ta
008 210827b 2018 dr 00| 0 eng d
020 _a9789945169157
040 _aDO-SdBNP
_bspa
_cBNPHU
082 4 _aRD863.5
_bG896c
_222
100 1 _aGuaba, Pedro
_979614
245 1 0 _aCuentos y pico /
_cPedro Guaba.
260 _aSanto Domingo :
_bBúho,
_c2018.
300 _a72 p. ;
_c22 cm.
500 _aIncluye datos del autor en la solapa de la cubierta.
590 _aInventariado, 2021 /LP
650 4 _aCuentos dominicanos
650 4 _aLiteratura dominicana
910 _aValidado. Control de calidad MFF
942 _2ddc
_cLBS1
999 _c50306
_d50306